01669nam a22002657a 45000010005000000030006000050050017000110080041000280200018000690400029000870500014001160820010001301000018001402450044001582500025002022600052002273000049002794900030003285050008003585200917003665210020012835210020013036500032013237000048013554849FISKH20241017155202.0241017b cb ||||| |||| 00| 0 eng d a9780194236706 aFISKHbengcFISKHdFISKH aN6923.L33 a709.2 aRaynham, Alex aLeonardo Da Vinci / cLeonardo Da Vinci aFirst Published 2013 aNew York : bOxford University Press ; c2013.  a56 pages : bcolor illustrations ;c22 cm .  aOxford BookwormsvStage 2 aV  a'What does the world look like from the moon?' 'How do our bodies work?' 'Is it possible for people to fly?' 'Can I make a horse of bronze that is 8 metres tall?' 'How can we have cleaner cities?'All his life, Leonardo da Vinci asked questions. We know him as a great artist, but he was one of the great thinkers of all time, and even today, doctors and scientists are still learning from his ideas. Meet the man who made a robot lion, wrote backwards, and tried to win a war by moving a river .. .Oxford Bookworms enjoy a world-wide reputation for high-quality storytelling and a great reading experience.Research shows reading a lot improves all your language skills.Experts recognize Oxford Bookworms as the most consistent series in terms of language control, length, and quality of story - very important for fluent reading and extensive reading.There's a wide choice of titles too - something for everyone.8 a860 bLexile 8 aV bRaz-Plus  afamous paintervnon-fiction aLindop, ChristineeFactfiles Seried Editor